000 00356nam a2200157Ia 4500
999 _c190
_d190
003 OSt
005 20190927111128.0
008 190722s9999 xx 000 0 und d
020 _a9788190691949
040 _cmaju
100 _aJ.B. Gupta
245 0 _aBasic Electronic
260 _aNew Delhi
_bS.K. Katria & Sons
_c2014
300 _a525
942 _cBK
_2ddc